Minority ethnic representation in the built environment (Record no. 104436)

MARC details
000 -LEADER
fixed length control field 01149cam a2200193 4500
001 - CONTROL NUMBER
control field L130355
008 - FIXED-LENGTH DATA ELEMENTS--GENERAL INFORMATION
fixed length control field 050720n2005 000 0 eng u
035 ## - SYSTEM CONTROL NUMBER
System control number (Sirsi) u130355
041 ## - LANGUAGE CODE
Language code of text/sound track or separate title eng
110 ## - MAIN ENTRY--CORPORATE NAME
Corporate name or jurisdiction name as entry element Commission for Architecture and the Built Environment
9 (RLIN) 4058
245 ## - TITLE STATEMENT
Title Minority ethnic representation in the built environment
260 ## - PUBLICATION, DISTRIBUTION, ETC.
Place of publication, distribution, etc. London
Name of publisher, distributor, etc. CABE
Date of publication, distribution, etc. 2005
520 ## - SUMMARY, ETC.
Summary, etc. Summary of a publication of a study into the barriers facing black and ethnic minorities who wish to work in building and related industries. Black and ethnic minority students are relatively well represented in most of the built environment disciplines at all stages of higher education but after graduation find that institutionalised racism affects their career progression.
590 ## - LOCAL NOTE (RLIN)
Local note IKA020805
690 ## - LOCAL SUBJECT ADDED ENTRY--TOPICAL TERM (OCLC, RLIN)
Topical term or geographic name as entry element CAREERS, EDUCATION AND TRAINING-CAREERS IN SURVEYING
710 ## - ADDED ENTRY--CORPORATE NAME
Corporate name or jurisdiction name as entry element Centre for Ethnic Minority Studies
856 ## - ELECTRONIC LOCATION AND ACCESS
Uniform Resource Identifier <a href="https://webarchive.nationalarchives.gov.uk/20110118095356/http:/www.cabe.org.uk/files/minority-ethnic-representation-in-the-built-environment-professions.pdf">https://webarchive.nationalarchives.gov.uk/20110118095356/http:/www.cabe.org.uk/files/minority-ethnic-representation-in-the-built-environment-professions.pdf</a>
Public note View the item free of charge at www.cabe.org.uk...
942 ## - ADDED ENTRY ELEMENTS (KOHA)
Suppress in OPAC 0
Holdings
Withdrawn status Lost status Source of classification or shelving scheme Damaged status Not for loan Home library Current library Shelving location Date acquired Total Checkouts Full call number Barcode Date last seen Copy number Price effective from Koha item type
    Dewey Decimal Classification     Virtual Virtual Online 20/07/2005   ONLINE PUBLICATION 130355-3001 06/08/2019 1 06/08/2019 Book